Atlas de citología sanguinea / (Record no. 64891)

MARC details
000 -LEADER
campo de control de longitud fija 00644nam a2200193 i 4500
001 - NÚMERO DE CONTROL
campo de control 64891
003 - IDENTIFICADOR DE NÚMERO DE CONTROL
campo de control ES-MaACL
005 - FECHA Y HORA DE LA ÚLTIMA TRANSACCIÓN
campo de control 20251001204325.0
007 - CAMPO FIJO DE DESCRIPCIÓN FÍSICA--INFORMACIÓN GENERAL
campo de control de longitud fija t|
008 - DATOS DE LONGITUD FIJA--INFORMACIÓN GENERAL
campo de control de longitud fija 040107s1963 sp ||||1| spa d
100 1# - ENTRADA PRINCIPAL--NOMBRE DE PERSONA
Nombre de persona Forteza Bover, G.
9 (RLIN) 51862
245 10 - MENCIÓN DEL TÍTULO
Título Atlas de citología sanguinea /
Mención de responsabilidad, etc. por G. Forteza Bover ; con la colaboración de R. Báguena Candela ; prólogo de P. Farreras Valentí.
250 ## - MENCION DE EDICION
Mención de edición [1ª ed.].
260 ## - PUBLICACIÓN, DISTRIBUCIÓN, ETC.
Lugar de publicación, distribución, etc. Barcelona :
Nombre del editor, distribuidor, etc. Toray,
Fecha de publicación, distribución, etc. 1963.
300 ## - DESCRIPCIÓN FÍSICA
Extensión XXII, 530 p., 169 lám. ;
Dimensiones 28 cm.
700 1# - ENTRADA AGREGADA--NOMBRE PERSONAL
Nombre de persona Farreras Valentí, Pedro,
Fechas asociadas al nombre 1916-1968
9 (RLIN) 48899
852 ## - LOCALIZACIÓN
Ubicación ES-MaACL
Número de control de estantería C-23590
Sublocalización o colección R.52554
Holdings
Estatus retirado Estado de pérdida Estado de daño No para préstamo Biblioteca de origen Biblioteca actual Ubicación en estantería Fecha de adquisición Fuente de adquisición Total de préstamos Signatura topográfica completa Código de barras Visto por última vez Precio de reemplazo Tipo de ítem Koha
        Biblioteca del Ateneo de Madrid Biblioteca del Ateneo de Madrid Depósito 2 17/01/2008     C-23590 1067994 23/02/2023 23/02/2023 Libro impreso